Κατάλογος Βιβλιοθηκών Mediterranean College

Εργασία με τους Γονείς / Ψυχαναλυτική Ψυχοθεραπεία με Παιδιά και Εφήβους (Record no. 4600)

MARC details
000 -LEADER
fixed length control field 01775cam a22002534a 4500
005 - ΗΜΕΡΟΜΗΝΙΑ ΚΑΙ ΩΡΑ ΤΕΛΕΥΤΑΙΑΣ ΕΝΗΜΕΡΩΣΗΣ
Πεδίο ελέγχου 20250605164150.0
008 - FIXED-LENGTH DATA ELEMENTS--GENERAL INFORMATION
Πεδίο ελέγχου σταθερού μήκους 250528s ||||||||||||||||||||||||d
035 ## - SYSTEM CONTROL NUMBER
System control number 19340
020 ## - ISBN
ISBN 9600337837
040 ## - ΠΗΓΗ ΚΑΤΑΛΟΓΟΓΡΑΦΗΣΗΣ
Φορέας πρωτότυπης καταλογογράφησης MC Athens Campus Library
Γλώσσα καταλογογράφησης Ελληνικά, Μοντέρνα (1453-)
Modifying agency MC Athens Campus Library
Κανόνες περιγραφικής καταλογογράφησης AACR2
245 1# - ΤΙΤΛΟΣ ΚΑΙ ΔΗΛΩΣΗ ΥΠΕΥΘΥΝΟΤΗΤΑΣ
Τίτλος Εργασία με τους Γονείς / Ψυχαναλυτική Ψυχοθεραπεία με Παιδιά και Εφήβους
250 ## - EDITION STATEMENT
Edition statement
260 ## - PUBLICATION, DISTRIBUTION, ETC.
Name of publisher, distributor, etc. Καστανιώτη,
Date of publication, distribution, etc. 2005
300 ## - PHYSICAL DESCRIPTION
Extent 288
520 ## - SUMMARY, ETC.
Summary, etc. Πρόλογος, Εισαγωγή, Διάλογοι με τους Γονείς, Θεραπευτικός Χώρος για την Αναδημιουργία του Παιδιού στο Νου των Γονέων, Έχοντας στο Νου το Παιδί: Σκέψεις Πάνω στην Εργασία με Γονείς Παιδιών που Βρίσκονται σε Θεραπεία, Γονεϊκή Θεραπεία - Θεωρία και Πράξη, Εργασία με Γονείς Ψυχωτικών Παιδιών στο Πλαίσιο μιας Θεραπευτικής Μονάδας Ημέρας, Ερ4γασία με τους Γονείς Αυτιστικών Παιδιών, Βοήθεια προς τα Παιδιά Μέσω της Γονεϊκής Θεραπείας: Το Μοντέλο της Ψυχοθεραπείας Μητέρας/ Βρέφους, Εργασία με τους Γονείς Σεξουαλικά Κακοποιημένων Παιδιών, Βιβλιογραφία, Ευρετήριο.
700 1# - ΠΡΟΣΘΕΤΗ ΑΝΑΓΡΑΦΗ--ΦΥΣΙΚΟ ΠΡΟΣΩΠΟ
Personal name Boalt Boethious Siv
9 (RLIN) 5588
700 1# - ΠΡΟΣΘΕΤΗ ΑΝΑΓΡΑΦΗ--ΦΥΣΙΚΟ ΠΡΟΣΩΠΟ
Personal name Hallerfors Birgit
9 (RLIN) 5589
700 1# - ΠΡΟΣΘΕΤΗ ΑΝΑΓΡΑΦΗ--ΦΥΣΙΚΟ ΠΡΟΣΩΠΟ
Personal name Horne Ann
9 (RLIN) 5590
700 1# - ΠΡΟΣΘΕΤΗ ΑΝΑΓΡΑΦΗ--ΦΥΣΙΚΟ ΠΡΟΣΩΠΟ
Personal name Tischler Lydia
9 (RLIN) 5591
700 1# - ΠΡΟΣΘΕΤΗ ΑΝΑΓΡΑΦΗ--ΦΥΣΙΚΟ ΠΡΟΣΩΠΟ
Personal name Τσιαντής Γιάννης
9 (RLIN) 5592
942 ## - ADDED ENTRY ELEMENTS (KOHA)
Koha item type Books
Holdings
Τύπος τεκμηρίου Βιβλιοθήκη Τρέχουσα τοποθεσία Barcode Αριθμός εισαγωγής Ημερομηνία απόκτησης Ταξιθετικό σύμβολο Αριθμός αντιτύπου Κατάσταση απόσυρσης Κατάσταση χαμένου Κατάσταση κατεστραμμένου Μη δανεισμός Σύνολο δανεισμών Ημερομηνία τελευταίας εμφάνισης Η τιμή ισχύει από
Books MC Athens Campus Library MC Athens Campus Library 9780000045997 5371 05/06/2025 158.3 TSI 1           05/06/2025 05/06/2025

MC Athens Campus Library
Πατησίων 94 & Κοδριγκτώνος 13, 104 34
Πελλήνης 8 & Πατησίων 107, 112 51
Τ: +30 210 8899600

MC Thessaloniki Campus Library
Ίωνος Δραγούμη 21, 54625 | Ίωνος Δραγούμη 15, 54625
Τ: +30 2310 287779 – Τ: +30 2314 440300